000 00900nam a2200265 a 4500
001 BRCA_8477
005 20190320210312.0
008 180216s2014----mx-k######---#000-0#spa-#
020 _a9703507581 (Colección)
020 _a9786078423279
041 _aspa
044 _amx
050 4 _aNX760
_b.B37 2014
100 1 _aBarrios Nogueira, Andrea
_921241
245 1 0 _aTransformar la realidad social desde la cultura
_bplaneación de proyectos culturales para el desarrollo
_cAndrea Barrios Nogueira y Ángel Patricio Chaves Zaldumbide.
260 _aMéxico
_bCONACULTA
_c2014
300 _a196 p.
_bil.
_c23 cm.
440 0 _aColección Intersecciones
_v34
_921242
504 _aBibliografía : p. 187-193
650 1 4 _aArtes
_xAdministración
_921243
650 1 4 _aCultura
_921244
650 1 4 _aSociedad
_921245
700 1 _aChaves Zaldumbide, Ángel Patricio
_ecoaut.
_921246
942 _2lcc
_cB
999 _c8144
_d8144